100 populairste namen ter wereld - Statistics

General Stats
  • This quiz has been taken 73 times
  • The average score is 8 of 100
Answer Stats
Answer % Correct
M Mohammad
60%
M Muhammad
60%
M Mohammed
57%
J John
33%
M Maria
30%
A Anna
22%
M Marie
22%
M Mary
22%
J Jean
21%
M Min
21%
M Mohamed
18%
S Sarah
18%
A Ali
16%
L Lin
16%
T Thomas
16%
J James
15%
M Michael
15%
J Jose
13%
P Paul
13%
A Ahmed
12%
G George
12%
M Mark
12%
Y Yan
12%
A Alexander
10%
D David
10%
L Laura
10%
P Peter
10%
W William
10%
X Xin
10%
V Victor
9%
Y Yu
9%
A Ana
7%
J Juan
7%
L Linda
7%
M Martin
7%
C Charles
6%
D Daniel
6%
E Elizabeth
6%
F Fatima
6%
J Joseph
6%
R Robert
6%
V Vladimir
6%
Y Ying
6%
Y Yong
6%
A Abdul
4%
B Bin
4%
I Ivan
4%
M Mario
4%
M Ming
4%
P Patrick
4%
P Pedro
4%
A Ahmad
3%
A Andrea
3%
L Ling
3%
L Luis
3%
M Miguel
3%
P Ping
3%
R Rosa
3%
S Samuel
3%
B Barbara
1%
C Carlos
1%
C Christine
1%
H Hassan
1%
H Hong
1%
I Ibrahim
1%
J Jorge
1%
M Manuel
1%
M Martha
1%
R Rita
1%
S Sandra
1%
A Aleksandr
0%
A Andrey
0%
A Angela
0%
A Anita
0%
A Antonio
0%
C Carmen
0%
E Elena
0%
E Emmanuel
0%
F Francisco
0%
G Ghulam
0%
H Hui
0%
I Irina
0%
J Joao
0%
L Lei
0%
M Marina
0%
N Natalya
0%
N Nushi
0%
O Olga
0%
P Patricia
0%
Q Qing
0%
R Ram
0%
R Roberto
0%
S Sergey
0%
S Siti
0%
S Sri
0%
S Sunita
0%
S Svetlana
0%
T Tatyana
0%
W Wei
0%
No matching quizzes found
Score Distribution
Percent of People with Each Score
Percentile by Number Answered
Your Score History
You have not taken this quiz